| 000 | 00590cam a2200145 4500500 | ||
|---|---|---|---|
| 005 | 20260208002356.0 | ||
| 041 | _afre | ||
| 042 | _adc | ||
| 100 | 1 | 0 |
_aMasset, Claude _eauthor |
| 245 | 0 | 0 | _aCharles Suzanne et Caroline Polet, eds, Dictionnaire d’anthropobiologie. Préface de Emma Rabino-Massa Bruxelles, De Boeck, 2005, 401 p., index anglais/français, fig., tabl., cartes |
| 260 | _c2006. | ||
| 500 | _a54 | ||
| 786 | 0 | _nL'Homme | 179 | 3 | 2006-07-01 | p. 237a-302a | 0439-4216 | |
| 856 | 4 | 1 | _uhttps://shs.cairn.info/revue-l-homme-2006-3-page-237a?lang=fr&redirect-ssocas=7080 |
| 999 |
_c1646035 _d1646035 |
||